Otorrinolaringología pediátrica / (Registro nro. 36984)
[ vista simple ]
| 000 -LEADER | |
|---|---|
| fixed length control field | 01197cam a2200325 i 4500 |
| 001 - CONTROL NUMBER | |
| control field | 36984 |
| 003 - CONTROL NUMBER IDENTIFIER | |
| control field | Mx-PuUPA |
| 005 - DATE AND TIME OF LATEST TRANSACTION | |
| control field | 20200323113908.0 |
| 008 - FIXED-LENGTH DATA ELEMENTS--GENERAL INFORMATION | |
| fixed length control field | 140415s1999 mx adf r 000 0 spa d |
| 020 ## - INTERNATIONAL STANDARD BOOK NUMBER | |
| International Standard Book Number | 9701018516 |
| 040 ## - CATALOGING SOURCE | |
| Original cataloging agency | Mx-PuUPA |
| Language of cataloging | spa |
| Transcribing agency | Mx-PuUPA |
| Modifying agency | Mx-PuUPA |
| Description conventions | rda |
| 041 1# - LANGUAGE CODE | |
| Language code of text/sound track or separate title | spa |
| Language code of original | eng |
| 245 00 - TITLE STATEMENT | |
| Title | Otorrinolaringología pediátrica / |
| Statement of responsibility, etc. | Samuel Levy Pinto, Mario Mandujano Valdés, [editores] |
| 250 ## - EDITION STATEMENT | |
| Edition statement | Cuarta edición |
| 264 #4 - PRODUCTION, PUBLICATION, DISTRIBUTION, MANUFACTURE, AND COPYRIGHT NOTICE | |
| Place of production, publication, distribution, manufacture | México, D.F. : |
| Name of producer, publisher, distributor, manufacturer | McGraw-Hill Interamericana Editores, |
| Date of production, publication, distribution, manufacture, or copyright notice | ©1999 |
| 300 ## - PHYSICAL DESCRIPTION | |
| Extent | xvi, 747, L16 páginas : |
| Other physical details | ilustraciones, gráficas, láminas (algunas a color) ; |
| Dimensions | 26 cm. |
| 336 ## - CONTENT TYPE | |
| Fuente | rdacontent |
| Content type term | texto |
| Content type code | txt |
| 337 ## - MEDIA TYPE | |
| Source | rdamedia |
| Media type term | sin medio |
| Media type code | n |
| 338 ## - CARRIER TYPE | |
| Source | rdacarrier |
| Carrier type term | volumen |
| Carrier type code | nc |
| 650 #4 - SUBJECT ADDED ENTRY--TOPICAL TERM | |
| Topical term or geographic name entry element | Otorrinolaringología |
| 650 #4 - SUBJECT ADDED ENTRY--TOPICAL TERM | |
| Topical term or geographic name entry element | Pediatría |
| 650 #4 - SUBJECT ADDED ENTRY--TOPICAL TERM | |
| Topical term or geographic name entry element | Otorrinolaringología pediátrica |
| 700 1# - ADDED ENTRY--PERSONAL NAME | |
| Personal name | Pinto, Samuel Levy, |
| Relator term | editores |
| 700 1# - ADDED ENTRY--PERSONAL NAME | |
| Personal name | Pinto, Samuel Levy, |
| Relator term | editores |
| 700 1# - ADDED ENTRY--PERSONAL NAME | |
| Personal name | Mandujano Valdés, Mario, |
| Relator term | editores |
| 942 ## - ADDED ENTRY ELEMENTS (KOHA) | |
| Source of classification or shelving scheme | Dewey Decimal Classification |
| Koha item type | Libro |
| Classification part | 618.9221 |
| Item part | O884 |
| Withdrawn status | Lost status | Source of classification or shelving scheme | Damaged status | Not for loan | Home library | Current library | Date acquired | Source of acquisition | Total Checkouts | Full call number | Barcode | Price effective from | Koha item type | Collection code | Shelving location | Date last seen | Copy number |
|---|---|---|---|---|---|---|---|---|---|---|---|---|---|---|---|---|---|
| Extraviado | Dewey Decimal Classification | Biblioteca Karol Wojtyla | Biblioteca Karol Wojtyla | 03/12/2013 | Compra | 618.9221 LEV | 55643 | 03/12/2013 | Libro | ||||||||
| Dewey Decimal Classification | Biblioteca Karol Wojtyla | Biblioteca Karol Wojtyla | 03/12/2013 | Compra | 618.9221 O884 1999 | 55642 | 03/12/2013 | Libro | General | Sala general | 05/01/2026 | Ej.2 | |||||
| Dewey Decimal Classification | Biblioteca Karol Wojtyla | Biblioteca Karol Wojtyla | 03/12/2013 | Compra | 618.9221 O884 1999 | 55641 | 03/12/2013 | Libro | General | Sala general | 05/01/2026 | Ej.3 | |||||
| Dewey Decimal Classification | Biblioteca Karol Wojtyla | Biblioteca Karol Wojtyla | 03/12/2013 | Compra | 618.9221 O884 1999 | 55640 | 03/12/2013 | Libro | General | Sala general | 05/01/2026 | ||||||
| Extraviado | Dewey Decimal Classification | Biblioteca Karol Wojtyla | Biblioteca Karol Wojtyla | 03/12/2013 | Compra | 616.21 LEV | 65470 | 03/12/2013 | Libro |